| 000 | 01135nam0a22002891 4500 | ||
|---|---|---|---|
| 001 | rc\1048072 | ||
| 005 | 20260405110542.0 | ||
| 035 | _a(NLR Aleph) 006209812 | ||
| 090 |
_a6356291 _c6356291 |
||
| 100 | _a20041129d1981 |||y0rusy50 ca | ||
| 101 | 0 | _arus | |
| 102 | _aRU | ||
| 105 | _aa ||||||||| | ||
| 200 | 1 | _aОтражательные свойства и состояние растительного покрова | |
| 210 |
_aЛ. _cГидрометеоиздат _d1981 |
||
| 215 |
_a287 с. _cил. _d22 |
||
| 300 | _aЗагл. корешка: Отражательные свойства растительного покрова | ||
| 320 | _aБиблиогр.: с. 274-284 (220 назв.) | ||
| 320 | _aПредм. указ.: с. 285 | ||
| 517 | 0 | _aОтражательные свойства растительного покрова | |
| 700 | 1 |
_aРачкулик _bВ.И. _gВиктор Иванович |
|
| 701 | 1 |
_7ca _8rus _aСитникова _bМ. А. _cфилолог _924650 _3RU\NLR\AUTH\7741702 |
|
| 801 | 0 |
_aRU _bNLR _gpsbo |
|
| 801 | 1 |
_aRU _bELAR _2rusmarc |
|
| 852 |
_aNLR _j81-5/5500 |
||
| 942 | _cBOOK | ||
| 980 | _aNB | ||